Lifehouse Songs #1 - Statistics

General Stats
  • This quiz has been taken 34 times
    33 since last reset
  • The average score is 12 of 40
Answer Stats
Track Number Answer % Correct
2 You and Me
86%
1 Hanging By A Moment
71%
12 Everything
57%
Album (2000) No Name Face
48%
3 Blind
43%
9 Breathing
43%
Album (2005) Lifehouse
43%
10 Quasimodo
43%
2 Sick Cycle Carousel
43%
7 Simon
43%
1 Spin
38%
11 Chapter One
33%
1 Come Back Down
33%
Album (2002) Stanley Climbfall
33%
6 Stanley Climbfall
33%
5 Trying
33%
5 Better Luck Next Time
29%
8 Cling and Clatter
29%
6 Only One
29%
8 Undone
29%
3 Unknown
29%
4 All In All
24%
4 Anchor
24%
4 Somebody Else's Song
24%
11 Somewhere In Between
24%
6 Days Go By
19%
11 Empty Space
19%
7 Into The Sun
19%
7 Out Of Breath
19%
9 Take Me Away
19%
2 Wash
19%
9 We'll Never Know
19%
3 Sky Is Falling
14%
12 The End Has Only Begun
14%
5 Am I Ever Gonna Find Out
10%
13 How Long
10%
8 Just Another Name
10%
10 My Precious
10%
12 The Beginning
10%
10 Walking Away
10%
No matching quizzes found
Score Distribution
Percent of People with Each Score
Percentile by Number Answered
Your Score History
You have not taken this quiz since the last reset